000
00291nam a2200121Ia 4500
008
201224s9999 xx 000 0 und d
100
_a
Mohring, Herbert (Ed.)
245
0
_a
Economics of Transport
260
_a
Aldershot
_b
Edward Elgaqr
300
_a
548
490
_v
Vol.I.
942
_c
BK
999
_c
9029
_d
9029